000 00735nam a22002177a 4500
999 _c14647
_d14647
003 AR-CdUCM
008 190424b ||||| |||| 00| 0 spa d
020 _a978-9972-59-428-1
040 _aMUNICIPALIDAD PROVINCIAL DEL CUSCO
_cBIBLIOTECA MUNICIPAL DEL CUSCO
082 _aPI / 803.08 /
_bY47
110 _aEditorial Septiembre
_933196
245 _aYes, Yes! canta en ingles con miss Rosi :
_bEensy, Weensy spider /
260 _aLima :
_bEditorial Septiembre,
_c2011.
300 _a15 paginas ;
_bIlustraciones,
_c21 cm.
_ecd.
650 _aTexto en ingles
_933481
650 _aInfantil
_96210
650 _aCuento
_94671
710 _aCorporación Gráfica Navarrete.
_933296
942 _2ddc
_cLIBROS
945 _arjall
_d2019-04-24